Economic report of the president transmitted to the congress, January 1980

Enregistré dans:
Détails bibliographiques
Format: Livre
Langue:anglais
Publié: Washington U.S. Government Printing Office 1980
Tags: Ajouter un tag
Pas de tags, Soyez le premier à ajouter un tag!

MARC

LEADER 00000nam a2200000 4500
001 c142143
005 20221220103458.7
041 0 |a eng 
044 |a US 
245 1 0 |a Economic report of the president  |b transmitted to the congress, January 1980 
264 1 |a Washington  |b U.S. Government Printing Office  |c 1980 
300 |a 329 s.